000 00312nam a22001337a 4500
005 20230120105235.0
008 230120b |||||||| |||| 00| 0 eng d
040 _c##$aRTC$cRTC
082 _a812.5
100 _aArthur Miller
245 _aAll my sons
_cArthur Miller
260 _c2000
942 _2ddc
_cCE TEXBOOK
999 _c9232
_d9233